Music Quiz

Random Music or Rock Quiz
Score 0/60 Timer 10:00
1 Play Today
% Correct
Crazy
86%
Queen
79.7%
Michael Jackson
79.6%
Green Day
75.2%
Eminem
70.4%
Holiday
68.6%
Somebody to Love
67.9%
Blue
64.8%
Nickelback
64.8%
Loser
63.2%
Bad
62.5%
Gnarls Barkley
62.5%
Britney Spears
62.3%
Bob Marley & the Wailers
60.8%
War
59.9%
U2
57.8%
Madonna
57.1%
Changes
56.9%
Beck
56.7%
Photograph
50%
Blink 182
49%
Metallica
47.7%
Lucky
47.6%
Superman
43.5%
Heartbreaker
41.1%
David Bowie
40.9%
Tupac
40.5%
Shania Twain
40%
Pat Benatar
39.9%
Led Zeppelin
39%
% Correct
Christina Aguilera
37.3%
Ozzy Osbourne
36.5%
Justin Bieber
36.3%
One
35.3%
Eiffel 65
33.7%
Foo Fighters
33.2%
Five for Fighting
33%
Jason Mraz ft. Colbie Caillat
32.8%
Patsy Cline
32.5%
Weezer
31.1%
I Miss You
31.1%
All My Life
30.3%
Styx
26.9%
The Carpenters
26%
Lady
25%
Three Doors Down
22.6%
Come on Over
22%
Van Halen
22%
Creed
21.2%
In the Mood
20.5%
K-Ci & JoJo
19.7%
Top of the World
18.5%
Supertramp
18%
Edwin Starr
17%
Glenn Miller Orchestra
16.5%
LeAnn Rimes
15.5%
Incubus
15.2%
Dreamer
13.1%
Kenny Rogers
12.2%
Robert Plant
9%

You're not logged in!

Compare scores with friends on all Sporcle quizzes.
OR
Log In

Sporcle TV

Today on Sporcle TV


Watch our educational content, quiz creation guides, and fun videos on Sporcle TV.

Show Comments

Extras

Top Quizzes Today


Score Distribution

Paid Content

Your Account Isn't Verified!

In order to create a playlist on Sporcle, you need to verify the email address you used during registration. Go to your Sporcle Settings to finish the process.

Report this User

Report this user for behavior that violates our Community Guidelines.

Details: